000 00927cam a22001934a 4500
005 20250605164210.0
008 250528s ||||||||||||||||||||||||d
035 _a20224
020 _a9607447018
040 _aGR-AtMCL
_bgre
_dGR-AtMCL
_eAACR2
245 1 _aTracing the Moral / Key III
260 _bG C Editions,
_c1994
300 _a32
520 _aA unique, innovative contemplation of Aesop's fables designed for Elementary to Advanced students and those who adore to delve into meaning. Comprehension, What's the Moral of this Fable?, Unknown Words, Multiple Choice Questions, How Well Did you Understand?, What's Your Opinion, Summary Writing, Composition Writing, Interview Questions and Writing Practice Based on the Fable, Extra Vocabulary and Comprehension and Guided Summary and Writing Practice, Let's Sum It Up.
700 1 _aGlychou - Photinia C
_92539
942 _cBK
999 _c5358
_d5358